000
00395nam a2200145Ia 4500
008
090122s9999 xx 000 0 und d
082
_b
9038
_a
891.463
100
_a
नांगरे
_b
बलराम
245
_a
दैवरेखा
600
_a
नांगरे
630
_a
दैवरेखा
700
_a
नांगरे
730
_a
दैवरेखा
942
_c
BOOK
999
_c
33115
_d
33115